| 000 | 00388nam a2200157Ia 4500 | ||
|---|---|---|---|
| 008 | 230917s9999||||xx |||||||||||||| ||und|| | ||
| 020 | _cDFL135 | ||
| 040 |
_e20628 _aMAIN |
||
| 041 | _aEnglish | ||
| 082 | _a512.5 G562F | ||
| 100 | _aGolan, Jonathan S | ||
| 245 | 0 | _aFoundations of linear algebra | |
| 260 |
_aDordrecht _bKluwer Academic _c1995 |
||
| 300 | _aviii, 236 p. | ||
| 942 | _cBK | ||
| 999 |
_c94952 _d94952 |
||